000 nam a22 7a 4500
999 _c8301
_d8301
008 171218b xxu||||| |||| 00| 0 eng d
020 _a9788182523876
100 _aWilco
_9220
245 _aIllustrated History of of india
260 _aMumbai
_bWilco
_c2010